| 000 | 00926cam a2200277 4500 | ||
|---|---|---|---|
| 008 | 020125n2002 000 0 eng u | ||
| 020 | _a0471498033 | ||
| 035 | _a(Sirsi) u116480 | ||
| 050 | _a711.552 | ||
| 100 | _aBirkin, M. | ||
| 245 | _aRetail geography and intelligent network planning | ||
| 260 |
_aChichester _bWiley _c2002 |
||
| 300 |
_aix,284p. _bill. _c2002 |
||
| 350 | _a24.95 | ||
| 520 | _aAddresses the concept of retail intelligence applied to retail planning, exploring key retail trends impacting on location, examining the role of e-commerce and suggesting a number of spatial analysis methods. | ||
| 650 | _aE-COMMERCE | ||
| 650 | _aGIS | ||
| 650 | _aINTELLIGENT NETWORK PLANNING | ||
| 650 | _aRETAIL PLANNING | ||
| 650 | _aRETAIL PROPERTY | ||
| 690 | _aPROPERTY-COMMERCIAL PROPERTY-RETAIL PROPERTY | ||
| 700 | _aClark, M. | ||
| 700 | _aClark, G. | ||
| 700 | _aWilson, A. | ||
| 942 | _n0 | ||
| 999 |
_c101864 _d101864 |
||